00452nam a2200181Ia 4500003000400000005001700004008004100021020002200062040000700084041000800091082002400099100002100123245004100144260003500185300001500220365001700235650001800252OSt20230501115251.0210423s2005 xx 000 0 und d a978-1-58829-365-3 cAL aeng a611.0181 223bDEVG aDEVI (LAkshmi A) aG protein coupled receptors handbook aNew jerseybHumana Pressc2005 axv,412bHB b9506.37cEUR aHuman Anatomy